مہلاقا / (Record no. 107950)

MARC details
000 -LEADER
fixed length control field 00724nam a22002537a 4500
005 - DATE AND TIME OF LATEST TRANSACTION
control field 20170123162333.0
010 ## - LIBRARY OF CONGRESS CONTROL NUMBER
LC control number 696798
020 ## - INTERNATIONAL STANDARD BOOK NUMBER
Terms of availability 10.00
035 ## - SYSTEM CONTROL NUMBER
System control number 696798
037 ## - SOURCE OF ACQUISITION
Source of stock number/acquisition Cen Lib/Ret
040 ## - CATALOGING SOURCE
Original cataloging agency DPL
Language of cataloging UR
082 ## - DEWEY DECIMAL CLASSIFICATION NUMBER
Classification number ن
Item number ز ب ی
100 ## - MAIN ENTRY--PERSONAL NAME
Personal name زبیدہ سلطانہ
9 (RLIN) 14097
245 ## - TITLE STATEMENT
Title مہلاقا /
Statement of responsibility, etc زبیدہ سلطانہ
246 ## - VARYING FORM OF TITLE
Title proper/short title Mahlaqa /
Remainder of title by Zubeda Sulatana
260 ## - PUBLICATION, DISTRIBUTION, ETC. (IMPRINT)
Name of publisher, distributor, etc آغہ بک ڈیپو
Date of publication, distribution, etc 1972
Place of publication, distribution, etc لکھنوو
270 ## - ADDRESS
City لکھنوو
300 ## - PHYSICAL DESCRIPTION
Extent 381p.
Dimensions 18cm(Hb)
650 ## - SUBJECT ADDED ENTRY--TOPICAL TERM
Topical term or geographic name as entry element ادب -- اردو
9 (RLIN) 122770
650 ## - SUBJECT ADDED ENTRY--TOPICAL TERM
Topical term or geographic name as entry element اردوناول
9 (RLIN) 122771
650 ## - SUBJECT ADDED ENTRY--TOPICAL TERM
Topical term or geographic name as entry element Literature -- Urdu
9 (RLIN) 122772
650 ## - SUBJECT ADDED ENTRY--TOPICAL TERM
Topical term or geographic name as entry element Urdu novel
9 (RLIN) 122773
942 ## - ADDED ENTRY ELEMENTS (KOHA)
Source of classification or shelving scheme Dewey Decimal Classification
Koha item type Urdu Bks
Classification part ن
Call number suffix ز ب ی
Holdings
Withdrawn status Lost status Damaged status Not for loan Home library Current library Date acquired Source of acquisition Cost, normal purchase price Total Checkouts Full call number Barcode Date last seen Date checked out Copy number Cost, replacement price Price effective from Koha item type
Withdrawn       Central Library Central Library 13/01/2016 Cen Lib/Ret 10.00 1 ن ز ب ی 696798 20/10/2017 04/10/2017 1 10.00 13/01/2016 Urdu Bks

© Delhi Public Library
Hit Counter
free hit counter